| 000 | 01879nam a2200421 c 4500 | ||
|---|---|---|---|
| 003 | BLK | ||
| 005 | 20241105163358.0 | ||
| 008 | 180409b bul|||||r ||||||| ||bul|| | ||
| 010 | _aKNG00107919000 | ||
| 020 |
_a954-771-048-6 _bиздат.: Кръгозор |
||
| 040 | _aBLK | ||
| 041 |
_aBUL _cBUL |
||
| 080 |
_aБългарска литература _b821.163.2 _x(092) _z821.163.2(092) |
||
| 080 |
_aБългарска литература _b821.163.2 _x-32.09 _z821.163.2-32.09 |
||
| 080 |
_aБългарски писател, адвокат и общественик (1863-1897) _b929 Константинов, Алеко Иваницов _x _z929 Константинов, Алеко Иваницов |
||
| 100 | 1 |
_aДобрев, Добрин Начев _eпърви автор _9363307 |
|
| 139 |
_aДобрев, Добрин Начев _bК 82 |
||
| 245 | 1 | 0 |
_aБай Ганьо на Алеко Константинов _bКонтексти на прочита _cДобрин Начев Добрев. |
| 257 | _aBGR | ||
| 260 |
_аСофия _bКръгозор _c2003 |
||
| 300 |
_a149 с. _c21 см |
||
| 380 | _a82 | ||
| 490 | 1 | _aУспешна матура | |
| 490 | 1 |
_3Подсерия _aПоредица Литературни интерпретации _v3 |
|
| 500 | _aОфс. изд. - Библиогр. с. 146-149. | ||
| 504 | _a146-149 | ||
| 650 | 4 |
_aБългарска литература - теми, образи, сюжети _9242409 |
|
| 653 | _aАлеко Константинов | ||
| 653 | _aбългарска литература | ||
| 653 | _aлитературна критика | ||
| 653 | _aлитературни анализи | ||
| 852 | _aЦб 216071 | ||
| 856 | 4 |
_qpdf _u |
|
| 856 | 4 |
_qpdf _u |
|
| 942 |
_cKNG _n0 _02 |
||
| 944 |
_aCR _c17.09.2003 _k30556 _lТеодора Пейчева-Дянкова |
||
| 944 |
_aED _c21.01.2012 _k |
||
| 999 |
_c102848 _d102848 |
||